Score 0/20 Timer 04:00
0 Plays Today
Book Title Missing Word % Correct
The _____ Lieutenant's WomanFrench
83.2%
The _____ Who Came in From the ColdSpy
79.6%
_____ and CommanderMaster
66.4%
The IPCRESS _____File
58.5%
I, _____Claudius
56%
The _____ of Roger AckroydMurder
50.1%
Brighton _____Rock
44.7%
The _____, the _____Sea
39%
The Day of the _____Triffids
36.1%
Enduring _____Love
35.7%
Book Title Missing Word % Correct
The _____ SoldierGood
25%
The Golden _____Notebook
21.5%
Flaubert's _____Parrot
19.2%
Wyrd _____Sisters
18.4%
Under the _____Volcano
18%
The _____ TailorsNine
17.9%
_____ RidingSouth
16.6%
The Return of the _____ Soldier
14.4%
_____ at the ChargeFlashman
12.9%
The _____ and the AnemoneShrimp
10.4%

Today's Daily Dose

Remove Ads.
Support Sporcle.
Get the best of Sporcle when you Go Orange. This ad-free experience offers more features, more stats, and more fun while also helping to support Sporcle. Thank you for becoming a member.

You're not logged in!

Compare scores with friends on all Sporcle quizzes.
OR
Log In

Show Comments

Extras

Top Quizzes Today


Score Distribution

Your Account Isn't Verified!

In order to create a playlist on Sporcle, you need to verify the email address you used during registration. Go to your Sporcle Settings to finish the process.

Report this User

Report this user for behavior that violates our Community Guidelines.

Details: